[Event "36th Cappelle Open 2020"]
[Site "Cappelle-la-Grande"]
[Date "2020.02.27"]
[Round "8.1"]
[White "Moussard, Jules"]
[Black "Guliyev, Namig"]
[Result "1-0"]
[WhiteElo "2608"]
[BlackElo "2537"]
[Annotator "TA"]
[PlyCount "97"]
[EventDate "2020.02.22"]
[EventType "swiss"]
[EventCountry "FRA"]
[SourceTitle "playchess.com"]
[Source "ChessBase"]
[SourceQuality "1"]

{[%evp 11,97,15,12,11,16,-7,30,-8,3,-22,-10,-6,-20,-45,-61,-40,-48,-77,-83,-110,-90,-87,-102,-170,-132,-123,0,0,0,-18,110,90,57,151,139,0,117,0,0,0,0,0,0,0,0,0,0,0,0,-83,167,186,195,199,178,216,234,231,223,188,285,228,203,0,0,0,61,70,197,0,654,654,654,628,768,726,4566,3476,4578,4578,4614,4610,29987,29988,29988,29989,29989,29990]} 1. e4 c5 2. Nf3 d6 3. d4 cxd4 4. Nxd4 Nf6 5. Nc3 a6 6. Nb3 Nc6 7. Be3 $1 {7.Be3 scores better than 7.Be2. B56: Classical Sicilian: Unusual Lines.} e6 8. g4 b5 9. Bg2 {White has an edge.} Bb7 {[#]} 10. a3 $5 $146 {[%mdl 8] An interesting novelty.} (10. g5 $5 {[%cal Rg5f6]} Nd7 11. O-O $11) ({Predecessor:} 10. g5 Nd7 11. f4 Nb6 12. Qe2 Nc4 13. O-O-O Nxe3 14. Qxe3 Na5 15. f5 Nc4 16. Qg3 {½-½ (77) Bartel,M (2625)-Gelfand,B (2735) Moscow 2016}) 10... Ne5 11. g5 Nfd7 $1 (11... Nfg4 $6 12. Bd2 $16) 12. Qd4 Nc4 13. O-O-O Rc8 14. f4 Qc7 15. Bd2 Ndb6 16. Na1 e5 17. Qf2 (17. Qd3 $17) 17... Be7 $1 $19 18. h4 Nxb2 (18... O-O $17 19. f5 f6) 19. Kxb2 $11 {Hoping for Rh3.} Nc4+ 20. Kb3 $1 {[#]} d5 (20... b4 $1 $11 {[%mdl 512]} 21. axb4 a5) 21. Nxd5 $16 Bxd5 22. exd5 Nxa3 23. Rh3 (23. Qe2 $1 $16 Nc4 24. fxe5) 23... Qc4+ $1 $11 ({But not} 23... Nxc2 $2 24. Rc3 $18) 24. Kb2 Bc5 25. Qf3 {Strongly threatening Qg4.} Bd4+ $1 26. c3 Qb4+ $1 27. Ka2 Qa4 {...b4! is the strong threat.} 28. cxd4 Nc2+ 29. Kb2 Nxa1 30. Bc3 (30. Rxa1 $2 Qc2+ 31. Ka3 Rc4 $19) (30. Rc1 $1 $11 {remains equal.} Rxc1 31. Bxc1 Qc2+ 32. Kxa1 Qxc1+ {[%mdl 64] Double Attack} 33. Ka2 Qd2+ 34. Kb3) 30... b4 $2 (30... Qc2+ $1 $17 31. Kxa1 Rc4) 31. Rxa1 $18 bxc3+ 32. Qxc3 Qb5+ 33. Qb3 Qe2+ 34. Ka3 Qxg2 35. Qa4+ $1 ({Stronger than} 35. fxe5 O-O $11) 35... Kf8 {[#]} (35... Ke7 $142 36. d6+ Kf8) 36. Qb4+ $1 (36. Qd7 Qc2 $11) 36... Kg8 37. Re3 $2 (37. Rc3 $18 Rxc3+ 38. Qxc3) 37... h6 $11 ({Not} 37... exf4 $2 {[#]} 38. Rc1 $3 $18 {[%mdl 512]}) 38. d6 Kh7 (38... exf4 $11 39. d7 Rd8) 39. dxe5 $14 {Black must now prevent d7.} g6 ({Black should play} 39... Qf2 $1 $14 40. Qd4 Rhd8) 40. Rb1 $2 $40 {[%mdl 128] White mounts an attack.} (40. d7 $18 Rb8 41. Qc3) 40... hxg5 $2 {[%mdl 8192]} (40... Qd5 $11 41. h5 Rb8 42. hxg6+ fxg6) 41. Qb7 $18 Qxb7 42. Rxb7 {[%mdl 4096] Endgame KRR-KRR} Kg8 43. hxg5 Rh4 {[#]} 44. f5 $1 {[%mdl 512]} gxf5 {[#]} 45. g6 $1 {[%mdl 512]} f4 (45... fxg6 46. e6) 46. gxf7+ Kg7 47. d7 {White mates.} Rf8 {[#]} 48. e6 $1 {[%mdl 512]} fxe3 49. e7 {Never resign too early! Accuracy: White = 67%, Black = 57%.} 1-0

[Event "36th Cappelle Open 2020"]
[Site "Cappelle-la-Grande"]
[Date "2020.02.27"]
[Round "8.2"]
[White "Bellahcene, Bilel"]
[Black "Bauer, Christian"]
[Result "1-0"]
[WhiteElo "2510"]
[BlackElo "2630"]
[Annotator "TA"]
[PlyCount "61"]
[EventDate "2020.02.22"]
[EventType "swiss"]
[EventCountry "FRA"]
[SourceTitle "playchess.com"]
[Source "ChessBase"]
[SourceQuality "1"]

{[%evp 14,61,21,22,20,13,47,26,34,23,13,20,0,0,0,5,31,8,35,48,60,76,86,31,40,39,33,39,44,26,44,47,47,47,64,58,56,7,7,18,20,8,14,23,54,33,460,460,458,439]} 1. e4 c6 2. d4 d5 3. Nc3 dxe4 4. Nxe4 Nf6 5. Nxf6+ exf6 6. c3 Bd6 7. Bd3 O-O 8. Qc2 Re8+ {B15: Caro-Kann: 3 Nc3: 3...g6 and 3...dxe4 4 Nxe4 Nf6 5 Nxf6+ exf6.} 9. Ne2 h5 {9...h5 scores better than 9...h6.} 10. Be3 Nd7 {White has an edge.} 11. O-O-O Nf8 12. Kb1 Be6 13. c4 {[#]} Ng6 $146 ({Predecessor:} 13... Rc8 14. h3 h4 15. Rdg1 b5 16. c5 Bb8 17. Nc3 b4 18. Ne4 f5 19. Nd6 Bxd6 20. cxd6 Qxd6 21. Bxf5 {½-½ (45) Saric,I (2669)-Howell,D (2676) Riadh 2017}) 14. h3 Rc8 15. Nc3 Bb4 16. Ne4 Bf8 17. g4 b5 18. gxh5 (18. c5 $16) 18... bxc4 19. Bxc4 Bxc4 20. Qxc4 Nf4 $1 21. Nc3 Nd5 22. Nxd5 cxd5 23. Qd3 Qd7 24. Rdg1 Re4 25. h6 {[#] And now hxg7 would win.} (25. f3 $5 {[%cal Rf3e4]} Re6 26. Rg2 $16) 25... g6 $1 26. f3 $36 {[%mdl 2048] White fights for an advantage.} Ree8 27. h4 Kh8 28. Rg2 Qe6 29. Bd2 Bxh6 $2 {[%mdl 8192] [#]} (29... Rc4 $14) 30. Bxh6 $18 Qh3 31. Rgg1 {Accuracy: White = 89%, Black = 74%.} (31. Rxh3 $2 {gets mated.} Re1+ 32. Qd1 Rxd1+ 33. Bc1 Rdxc1#) 1-0

[Event "36th Cappelle Open 2020"]
[Site "Cappelle-la-Grande"]
[Date "2020.02.27"]
[Round "8.3"]
[White "Godart, Francois"]
[Black "Martinez Alcantara, Jose Eduardo"]
[Result "1/2-1/2"]
[WhiteElo "2445"]
[BlackElo "2617"]
[Annotator "TA"]
[PlyCount "65"]
[EventDate "2020.02.22"]
[EventType "swiss"]
[EventCountry "FRA"]
[SourceTitle "playchess.com"]
[Source "ChessBase"]
[SourceQuality "1"]

{[%evp 15,65,19,22,0,0,0,0,0,7,12,8,7,12,10,17,16,21,8,8,21,9,18,122,120,123,115,114,112,533,533,520,44,45,46,45,45,56,64,112,111,115,79,115,140,117,52,140,77,92,0,134,0]} 1. e4 c5 2. Nf3 d6 3. d4 cxd4 4. Nxd4 Nf6 5. Nc3 a6 6. Bg5 e6 7. f4 h6 8. Bh4 Qb6 $1 {8...Qb6 is better than 8...Be7.} 9. Qd2 {B96: Sicilian Najdorf: 6 Bg5 e6 7 f4, lines other than 7...Qb6 and 7...Be7.} Qxb2 10. Rb1 Qa3 11. f5 {The position is equal.} Be7 12. fxe6 fxe6 13. Bc4 $1 Nxe4 $1 14. Nxe4 Bxh4+ 15. g3 Bg5 16. Nxg5 hxg5 17. O-O $36 {[%mdl 2048] White has some pressure.} Qc5 {...Nc6 is the strong threat.} 18. Qf2 $1 Qxc4 (18... Nc6 $11 {remains equal.} 19. Nxe6 {[%mdl 64] Double Attack} Qxf2+ 20. Rxf2 Bxe6 21. Bxe6 Rb8) 19. Qf7+ $16 {[%mdl 64] Double Attack} Kd8 20. Qxg7 {[%mdl 64] aiming for Rf7. Double Attack} Re8 {[#] Threatens to win with ...e5.} 21. Rf7 $1 {[#]} ({Don't blunder} 21. Qxg5+ $2 Kc7 $19) 21... Bd7 $146 {[%mdl 8192]} (21... Nd7 $16 {is a better chance.} 22. Rxb7 {[%mdl 64] Deflection, Decoy} Bxb7 23. Rxd7+ {[%mdl 64] Double Attack} Kc8 24. Rxb7 Qxd4+ 25. Qxd4 Kxb7 26. Qxd6 Rac8) ({Predecessor:} 21... Nd7 22. Rxb7 Bxb7 23. Rxd7+ Kc8 24. Rxb7 Qxd4+ 25. Qxd4 Kxb7 26. Qxd6 e5 27. Qd5+ Kb6 {½-½ (40) Igonin,T (2498)-Zhu,Y (2295) Moscow 2016}) 22. Rxb7 $18 {[%cal Rf7d7]} Qa4 {[#] next ...Kc8 is good for Black.} 23. Rb4 $2 (23. a3 $1 $18) 23... Qxb4 $14 {[#]} 24. Rxd7+ $1 {[%mdl 576] Remove Defender} Nxd7 25. Nc6+ {[%mdl 64] Double Attack} Kc7 {( -> ...Qe1+)} 26. Nxb4 a5 27. Qc3+ Nc5 28. Nd3 Kc6 29. Nxc5 dxc5 30. Qf3+ (30. Qf6 $16) 30... Kb6 (30... Kd7 $14) 31. Qb3+ ({White should try} 31. Qf6) 31... Kc6 $16 32. Qf3+ {[%mdl 1024] White has strong compensation.} Kb6 33. Qb3+ {Accuracy: White = 62%, Black = 59%.} (33. Qf6 $16) 1/2-1/2

[Event "36th Cappelle Open 2020"]
[Site "Cappelle-la-Grande"]
[Date "2020.02.27"]
[Round "8.4"]
[White "Mohammad Nubairshah Shaikh"]
[Black "Shchekachev, Andrei"]
[Result "1/2-1/2"]
[WhiteElo "2415"]
[BlackElo "2529"]
[Annotator "TA"]
[PlyCount "40"]
[EventDate "2020.02.22"]
[EventType "swiss"]
[EventCountry "FRA"]
[SourceTitle "playchess.com"]
[Source "ChessBase"]
[SourceQuality "1"]

{[%evp 13,40,0,0,0,0,0,8,0,0,6,8,0,18,16,20,6,23,18,64,0,17,18,68,27,74,27,53,18,23]} 1. d4 Nf6 2. c4 e6 3. Nc3 Bb4 4. e3 O-O 5. Nge2 Re8 6. a3 Bf8 7. Ng3 d5 8. Be2 {E46: Nimzo-Indian: Rubinstein: 4 e3 0-0 5 Ne2 without early Bd3.} b6 9. O-O Bb7 10. Qc2 Nbd7 11. Rd1 {[#]} a6 $146 ({Predecessor:} 11... c5 12. dxc5 bxc5 13. cxd5 exd5 14. Bf3 Nb6 15. Nxd5 Bxd5 16. Bxd5 Nbxd5 17. e4 Qa5 18. exd5 {½-½ (36) Zujev,O (2381)-Iturrizaga Bonelli,E (2665) London 2017}) 12. b4 c5 13. bxc5 bxc5 14. Rb1 Qc7 15. cxd5 Nxd5 16. Nce4 ({Better is} 16. Nxd5 $14 exd5 17. dxc5) 16... Rab8 17. Bb2 h6 18. dxc5 Nxc5 19. Nxc5 Bxc5 20. Rbc1 Rec8 {Accuracy: White = 79%, Black = 79%.} 1/2-1/2

[Event "36th Cappelle Open 2020"]
[Site "Cappelle-la-Grande"]
[Date "2020.02.27"]
[Round "8.5"]
[White "Stany, G.A."]
[Black "Rathnakaran, K.."]
[Result "1-0"]
[WhiteElo "2522"]
[BlackElo "2334"]
[Annotator "TA"]
[PlyCount "67"]
[EventDate "2020.02.22"]
[EventType "swiss"]
[EventCountry "FRA"]
[SourceTitle "playchess.com"]
[Source "ChessBase"]
[SourceQuality "1"]

{[%evp 12,67,0,-8,29,37,45,50,72,66,70,75,96,77,118,83,128,112,129,70,69,82,94,109,165,167,217,193,229,202,268,256,293,253,344,331,416,387,485,476,427,382,701,702,629,672,925,654,1141,1123,1435,1414,29976,29981,29981,29982,29993,29994]} 1. e4 e6 2. d4 d5 3. e5 c5 4. c3 Nc6 5. Nf3 Bd7 6. Be2 Nge7 7. O-O b6 {[#] C02: French: Advance Variation.} 8. Na3 $146 ({Predecessor:} 8. Bg5 Qc7 9. Na3 Nb8 10. Bd3 c4 11. Bb1 Ng6 12. h4 Bxa3 13. bxa3 h6 14. Bd2 {1-0 (40) Werner,N-Pross,B Germany 1995}) 8... a6 9. Nc2 Qc7 {White is slightly better.} 10. b3 cxd4 11. cxd4 f6 {[%cal Rf6e5]} 12. Re1 Ng6 {[%cal Rf6e5]} 13. Bd3 Be7 {[%cal Rf6e5]} 14. exf6 gxf6 15. Nh4 (15. Bh6 $16) 15... O-O-O 16. Bxa6+ {Black is now going downhill.} Kb8 17. Nf3 Rdg8 (17... e5 $16 {was called for.}) 18. Bf1 $18 h5 19. a4 Rg7 20. Na3 Nf4 {[#] Strongly threatening ...Nh3+.} 21. Kh1 $1 {Nb5 is the strong threat.} Bxa3 22. Rxa3 h4 {[#]} 23. b4 $1 {[%cal Bb3b4,Bb4b5,Bb5c6][%mdl 544]} Rhg8 {[%cal Rf4g2]} (23... Nxb4 24. Qb3) 24. Nxh4 e5 25. dxe5 fxe5 26. b5 Nh3 $2 (26... Na5 27. Bxf4 exf4 28. Qxd5 Rd8) 27. Rxh3 Bxh3 28. bxc6 Qd8 29. Qh5 Ka7 30. a5 bxa5 31. Qxe5 Qxh4 32. Be3+ {White mates.} Ka8 33. Qxd5 {[%cal Rc6c7]} Kb8 34. Rb1+ {Accuracy: White = 88%, Black = 23%.} 1-0

[Event "36th Cappelle Open 2020"]
[Site "Cappelle-la-Grande"]
[Date "2020.02.27"]
[Round "8.6"]
[White "Eden, James"]
[Black "Nikolov, Momchil"]
[Result "0-1"]
[WhiteElo "2326"]
[BlackElo "2539"]
[Annotator "TA"]
[PlyCount "93"]
[EventDate "2020.02.22"]
[EventType "swiss"]
[EventCountry "FRA"]
[SourceTitle "playchess.com"]
[Source "ChessBase"]
[SourceQuality "1"]

{[%evp 22,93,0,-2,83,88,96,104,102,103,83,91,160,16,4,-73,-68,-71,0,0,0,0,0,0,69,10,9,-139,-61,-79,0,0,0,0,0,0,0,0,0,0,0,0,0,0,0,0,0,0,6,6,6,6,14,14,26,0,6,2,2,0,2,0,0,-29987,-1982,-29987,-1857,-29992,-29993,-29996,-29997,-29997,-29998,-29999]} 1. e4 c5 2. Nf3 e6 3. c3 d5 4. exd5 Qxd5 5. d4 Nf6 6. Be2 Nc6 7. O-O cxd4 8. cxd4 Be7 9. Nc3 Qd6 10. Bg5 O-O 11. Qd2 b6 12. Rad1 {[#]} Nb4 $146 {B22: Sicilian: 2 c3.} (12... Bb7 $11) ({Predecessor:} 12... Bb7 13. a3 Nd5 14. Ne4 Qc7 15. Bd3 Rad8 16. Bb1 Bxg5 17. Qxg5 Qf4 18. Qh5 Qh6 19. Qxh6 gxh6 20. Ne5 {0-1 (62) Kienast,J (2223)-Bonnmann,R (2229) Germany 2018}) 13. Bxf6 $1 $16 Bxf6 14. Ne4 Qe7 {White is better.} 15. Nxf6+ gxf6 16. Qh6 Bb7 (16... Nd5 $142) 17. d5 (17. Rfe1 $16 Be4 18. d5 $1 {[%mdl 512]}) 17... Nxd5 $11 18. Rd3 (18. Rfe1 $11 {keeps the balance.} f5 19. Ba6 Bxa6 20. Rxd5 $1 {[%mdl 576] Pin}) 18... Kh8 $1 $17 19. Nh4 {Threatening mate with Nf5!} f5 (19... Rg8 $17) 20. Bf3 $1 $11 ({Of course not} 20. Rg3 Qf6 $17) 20... Rg8 {[#] aiming for ...Ba6.} 21. Nxf5 $1 {[%mdl 512]} exf5 22. Bxd5 Rg6 ({Black should try} 22... Bxd5 $11 23. Rxd5 Rxg2+ {[%mdl 64] Decoy} 24. Kxg2 Qe4+ {[%mdl 64] Double Attack} 25. f3 Rg8+ 26. Kh3 Qxd5) 23. Qf4 (23. Qd2 $14) 23... Rd8 $132 {[%mdl 2048] Black is not holding back} 24. Qd4+ ({Don't go for} 24. Qxf5 $2 Rg5 $19) (24. Qc4 $11 Rxd5 25. Rxd5 Bxd5 26. Qxd5) 24... Kg8 (24... Rg7 $17 25. Qc4 Qe2) 25. Qc4 $15 {Strongly threatening Bxf7+!} Rxd5 (25... Rg4 $1 $17 {[%cal Rg4c4]} 26. Qb3 Bxd5 27. Rxd5 Rxg2+ $1 {[%mdl 576] Decoy} 28. Kxg2 Qe4+ {[%mdl 64] Double Attack} 29. f3 Qxd5 30. Qxd5 Rxd5) 26. Rxd5 $11 Bxd5 27. Qxd5 $17 {[%mdl 4096] Endgame KQR-KQR} Qe4 28. Qd8+ Kg7 {[%csl Gg6][%cal Re4g2]} 29. f3 Qe3+ (29... Qf4 {keeps more tension.} 30. Rd1 Qxf3 31. Qd4+ Kg8 32. Qd8+ Kg7) 30. Kh1 Rc6 {White must now prevent ...Rc1.} 31. Qd1 Rc4 32. h3 Rd4 33. Qc2 f4 34. Qf5 Rd6 35. Qg5+ Rg6 36. Qd5 h6 37. Rd1 Re6 38. Qd4+ Kg6 39. Qh8 Qe5 40. Qg8+ Qg7 41. Qb8 {[%mdl 64] Double Attack} Qxb2 42. Rd8 $2 {[%mdl 8192]} (42. Qxf4 $11 Qe5 43. Qg4+ Kh7 44. f4) 42... Re1+ 43. Kh2 Qa1 (43... Qc1 $142 44. Rg8+ Kh5 45. Rg5+ {[%mdl 64] Decoy} Kxg5 46. Qd8+ Kh5 47. g4+ fxg3+ {[%mdl 64] Overworked Piece} 48. Kxg3 Rg1+ 49. Kh2 Rg5 50. Qxg5+ Kxg5 51. a4 Kh4 52. a5 Qd2+ {[%mdl 64] Double Attack} 53. Kh1 Kxh3 54. axb6 Qh2#) 44. Qd6+ {[#]} Kh5 $1 {[%csl Ga1][%cal Re1h1] Black mates.} 45. g4+ fxg3+ $1 46. Kxg3 Qg7+ 47. Kh2 {Accuracy: White = 67%, Black = 71%.} 0-1

[Event "36th Cappelle Open 2020"]
[Site "Cappelle-la-Grande"]
[Date "2020.02.27"]
[Round "8.7"]
[White "Dimitrov, Radoslav"]
[Black "Hutois, Mickael"]
[Result "1-0"]
[WhiteElo "2519"]
[BlackElo "2294"]
[Annotator "TA"]
[PlyCount "51"]
[EventDate "2020.02.22"]
[EventType "swiss"]
[EventCountry "FRA"]
[SourceTitle "playchess.com"]
[Source "ChessBase"]
[SourceQuality "1"]

{[%evp 12,51,33,-10,37,41,68,71,76,38,51,36,39,0,10,4,80,41,34,27,87,77,77,82,131,122,189,164,218,213,189,168,418,379,415,410,396,385,535,524,504,501]} 1. d4 Nf6 2. c4 e6 3. Nc3 Bb4 4. f3 d5 5. a3 Be7 6. e4 c5 7. dxc5 {[%cal Re4d5] [#]} dxe4 $146 {E20: Nimzo-Indian: 4 g3 and 4 f3.} (7... d4 $5 {[%cal Rd4c3]} 8. Nb5 e5 $11) ({Predecessor:} 7... Bxc5 8. cxd5 exd5 9. exd5 O-O 10. Bd3 b6 11. Nge2 Ba6 12. b4 Bd6 13. O-O Re8 14. Bg5 Qe7 15. Ne4 Bxd3 16. Qxd3 {0-1 (25) Rush,S (2006)-Turner,M (2534) Birmingham 2019}) 8. Qxd8+ Kxd8 9. Be3 a5 {White is better.} 10. O-O-O+ Bd7 11. Nb5 ({Of course not} 11. fxe4 Ng4 $11) 11... Na6 12. Nd6 Bxd6 13. cxd6 Rc8 (13... Ba4 $11 {keeps the balance.}) 14. Bb6+ Ke8 15. Bxa5 b5 (15... Ba4 $11 {remains equal.}) 16. Kb1 $36 {[%mdl 2048] Keeping Black busy.} bxc4 17. Rc1 Bb5 {[#]} 18. Ne2 $1 exf3 (18... Nb8 $16 {was necessary.}) 19. Nd4 $18 ({Don't play} 19. gxf3 Nb8) 19... fxg2 (19... Bd7 {is a better defense.}) 20. Bxg2 Bd7 21. Bb7 {b4 is the strong threat.} Rb8 $2 (21... Rc5) 22. Bxa6 Ra8 23. Nb5 {And now Nc7+ would win.} Nd5 24. Rhd1 f6 25. Nc7+ {[%mdl 64] [#] Double Attack} Kf7 26. Be1 {Accuracy: White = 88%, Black = 33%.} 1-0

[Event "36th Cappelle Open 2020"]
[Site "Cappelle-la-Grande"]
[Date "2020.02.27"]
[Round "8.8"]
[White "Sterck, Arno"]
[Black "Sadikhov, Ulvi"]
[Result "0-1"]
[WhiteElo "2227"]
[BlackElo "2496"]
[Annotator "TA"]
[PlyCount "68"]
[EventDate "2020.02.22"]
[EventType "swiss"]
[EventCountry "FRA"]
[SourceTitle "playchess.com"]
[Source "ChessBase"]
[SourceQuality "1"]

{[%evp 13,67,37,49,21,44,37,77,72,62,56,146,63,72,64,69,82,68,65,80,96,76,71,62,32,35,-15,-16,-27,-33,-50,28,19,12,-34,-28,-30,107,90,115,93,132,-186,-184,-825,-424,-420,-414,-2984,-2974,-29996,-29997,-29997,-29998,-29998,-29999,-29999]} 1. d4 Nf6 2. c4 g6 3. Nc3 Bg7 4. e4 d6 5. Bd3 Nc6 6. Nge2 O-O 7. O-O Nd7 8. Bc2 {[#] E70: King's Indian: Miscellaneous lines with 4 e4, including 5 Nge2 and 5 Bd3 0-0 6 Nge2.} Nb4 $146 ({Predecessor:} 8... e5 9. d5 Nd4 10. Be3 Nxc2 11. Qxc2 f5 12. exf5 gxf5 13. f4 a5 14. Ng3 e4 15. Qd2 Nf6 {1-0 (95) Malakhov,V (2709)-Miton,K (2626) Warsaw 2012}) 9. Bb1 c5 10. d5 {White is better.} Ne5 11. b3 e6 (11... b5 $14) 12. f4 (12. a3 $16) 12... Ng4 $14 13. h3 exd5 14. cxd5 Nf6 15. Bb2 Re8 16. Ng3 h5 17. a3 h4 18. Nh1 Na6 19. Nf2 Nh5 20. Qf3 Ng3 21. Re1 {[#]} b5 $1 {[%mdl 512]} 22. e5 $1 $11 (22. Nxb5 Bxb2) 22... dxe5 23. d6 e4 $36 {[%mdl 2048] Black is pushing.} 24. Bxe4 Nxe4 (24... Rb8 $1 $11 {remains equal.}) 25. Nfxe4 $16 {Threatens to win with Nd5.} Bd4+ 26. Kh1 Bf5 27. Ra2 $2 {[%mdl 8192] [#] White does not recover from this.} (27. Ng5 $16 {stays on course.}) 27... Qxd6 $1 $19 {[%mdl 512]} 28. Nd5 $2 (28. Ba1 Qc6 29. Rae2) (28. Nxd6 Rxe1+) 28... Rxe4 29. Rxe4 {Black must now prevent Ne7+.} Qxd5 30. Re8+ (30. Rxd4 $142 Qxf3 31. gxf3 cxd4 32. Bxd4) 30... Rxe8 31. Qxd5 Re1+ {Black mates.} 32. Kh2 Bg1+ 33. Kh1 Bf2+ 34. Kh2 Bg3# {Accuracy: White = 51%, Black = 60%.} 0-1

[Event "36th Cappelle Open 2020"]
[Site "Cappelle-la-Grande"]
[Date "2020.02.27"]
[Round "8.9"]
[White "Wiedenkeller, Michael"]
[Black "Froeyman, Helmut"]
[Result "1/2-1/2"]
[WhiteElo "2455"]
[BlackElo "2251"]
[Annotator "TA"]
[PlyCount "101"]
[EventDate "2020.02.22"]
[EventType "swiss"]
[EventCountry "FRA"]
[SourceTitle "playchess.com"]
[Source "ChessBase"]
[SourceQuality "1"]

{[%evp 19,101,0,0,0,0,0,26,23,18,22,26,24,23,22,43,36,43,35,74,102,170,134,267,253,264,51,74,76,89,55,60,58,47,28,31,0,0,8,58,56,86,12,16,18,18,19,11,-14,-10,-12,0,-22,-10,-11,-3,-6,39,39,38,26,61,0,0,0,14,11,14,3,14,0,0,0,0,0,0,0,0,0,0,0,0,0,0,0]} 1. c4 f5 2. g3 Nf6 3. Bg2 g6 4. d4 Bg7 5. Nc3 O-O 6. Nf3 d6 7. O-O c6 8. d5 e5 9. dxe6 Bxe6 10. Qd3 Nbd7 11. Bf4 {A88: Dutch Defence: Leningrad System: 5 Nf3 0-0 6 0-0 d6 7 Nc3 c6.} Nb6 12. b3 ({Of course not} 12. Bxd6 Bxc4 13. Qd1 Re8 $17) 12... d5 {[%cal Rd5c4]} 13. Ng5 {White has an edge.} Bc8 14. cxd5 h6 15. Nf3 {White wants to play dxc6.} Nfxd5 16. Be5 $36 {[%mdl 2048] [#] White is pushing.} Be6 $146 ({Predecessor:} 16... Nb4 17. Qd1 Be6 18. Bxg7 Kxg7 19. Qc1 Qf6 20. e3 Rad8 21. Nd4 Bf7 22. Nce2 Rfe8 23. Rd1 Nd7 24. a3 Nd5 25. Qc2 Ne5 26. Nf4 {½-½ (26) Standke,W (2493)-Williamson,H (2514) ICCF email 2018}) 17. Bxg7 Kxg7 18. e4 fxe4 19. Nxe4 Nf6 (19... Bg4 $16) 20. Nd4 Bf7 {[#]} (20... Kh7 $16 {was worth a try.}) 21. Nc5 $1 $18 Qe7 22. Qc2 $2 (22. Qc3 $18) 22... Rfe8 23. Rad1 Kh7 24. Qc1 Nbd5 25. a3 Qc7 26. h4 Re7 27. Bf3 Rae8 28. h5 Qc8 29. hxg6+ $1 Bxg6 30. Rfe1 ({White should try} 30. Kg2 $16) 30... b6 $11 31. Rxe7+ Rxe7 32. Nd3 c5 33. Nf4 Nxf4 34. Qxf4 Rf7 35. Nb5 Ne4 36. Qe3 Ng5 37. Bg2 Nh3+ 38. Bxh3 $1 Qxh3 39. Nd6 Rd7 40. Re1 (40. Rd5 $14) 40... Qg4 {The position is equal.} 41. Qe5 Qg5 {[#] Hoping for ...Qxe5.} 42. Qe6 Qd8 $1 43. Ne4 Rd1 44. Nf6+ Kg7 {...Rxe1+ is the strong threat.} 45. Rxd1 Qxd1+ 46. Kg2 Bf7 47. Qe7 Qxb3 48. Nh5+ Kg8 49. Nf6+ Kg7 50. Nh5+ Kg8 51. Nf6+ {Accuracy: White = 74%, Black = 76%.} 1/2-1/2

[Event "36th Cappelle Open 2020"]
[Site "Cappelle-la-Grande"]
[Date "2020.02.27"]
[Round "8.10"]
[White "Navrotescu, Andreea-Cristiana"]
[Black "Guilleux, Fabien"]
[Result "1-0"]
[WhiteElo "2247"]
[BlackElo "2441"]
[Annotator "TA"]
[PlyCount "103"]
[EventDate "2020.02.22"]
[EventType "swiss"]
[EventCountry "FRA"]
[SourceTitle "playchess.com"]
[Source "ChessBase"]
[SourceQuality "1"]

{[%evp 12,103,14,16,24,31,28,32,65,36,52,40,34,43,70,79,107,84,123,35,34,51,205,208,200,187,220,220,212,203,213,205,275,264,391,267,268,274,264,263,264,264,274,246,244,236,236,236,235,235,257,250,252,252,267,248,249,236,360,350,406,429,426,406,422,404,531,393,436,0,475,0,393,386,379,371,370,356,378,363,370,331,349,303,649,418,827,835,982,810,795,795,1487,1485]} 1. d4 Nf6 2. c4 g6 3. Nc3 d5 4. Bf4 Bg7 5. e3 O-O 6. Rc1 c5 7. dxc5 {[%cal Rc4d5]} Ne4 {D83: Grünfeld: 4 Bf4 Bg7 5 e3 0-0.} 8. cxd5 Nxc3 $1 9. bxc3 Nd7 {White is slightly better.} 10. Nf3 (10. c6 $5 {[%cal Rc6d7]} Nb6 11. cxb7 Bxb7 12. c4 $16) 10... Nxc5 11. Be5 f6 12. Bg3 $36 {[%mdl 2048] White is more active.} Qa5 13. Bc4 b5 14. Bb3 {[#]} Bb7 $146 {[#]} ({Predecessor:} 14... Kh8 15. O-O Bb7 16. Qd4 Rac8 17. e4 Rfd8 18. Qe3 Qb6 19. Nd4 e5 20. Ne2 f5 21. exf5 Nxb3 22. axb3 Rxd5 23. Qxb6 axb6 24. fxg6 {½-½ (37) Riazantsev,A (2594)-Mamedyarov,S (2709) Moscow 2006}) 15. d6+ (15. Bc7 $1 $16 {[%mdl 512]} Qa6 (15... Qxc7 16. d6+) 16. d6+ e6 17. d7) 15... e6 $14 16. O-O Rfd8 $2 {[#] Black is now going downhill.} (16... Nxb3 $14 17. Qxb3 (17. axb3 e5 $14) 17... Bd5) 17. Nd4 $1 $18 Nxb3 18. axb3 e5 19. Ne6 Qb6 20. Nxd8 Rxd8 21. Qe2 Bf8 22. c4 Qc6 (22... Bxd6 $142 23. cxb5 a6 24. bxa6 Bxa6) 23. f3 bxc4 24. Qxc4+ Qxc4 25. bxc4 ({Less strong is} 25. Rxc4 Ba6 $14) 25... Rxd6 26. Rfd1 Rc6 27. Rd8 {Black must now prevent Be1.} Ba6 28. c5 Bb5 29. e4 Kf7 {[#]} 30. Bf2 $1 Rc7 31. Rb8 a6 32. Rb6 h5 33. h3 Be7 34. g4 hxg4 (34... Rc6 $142 35. Kg2 Ke6 36. gxh5 gxh5) 35. hxg4 g5 36. Kg2 Bf8 37. Rb8 Be7 38. Rh1 Kg7 39. Rbh8 Bc6 40. Rb8 Bb5 41. Rc1 Kf7 42. Be3 Bf8 43. Rc3 Be7 44. Kf2 Ke6 45. Rb6+ Kf7 46. Ke1 Rd7 {If Black can now play ...Bd8 this consolidates a bit.} 47. Rc2 Ke8 $2 (47... Bd8 48. Rb8 Bc6) 48. Rb8+ Kf7 (48... Rd8 $142) 49. c6 {White is clearly winning.} Bb4+ 50. Kf2 Rc7 51. Rb7 Ba5 52. Bd2 {Accuracy: White = 75%, Black = 51%.} 1-0